000 04296cam a22012494i 4500
003 PE-LiUPU
005 20250813185619.0
008 150706s r 000 0 d
020 _a9786124059544
035 _a(Sirsi) i9786124059544
040 _aPE-LiUPU
_bspa
_cPE-LiUPU
_erda
049 _aPRUA
082 0 4 _a304.80985
_bM28
_221
100 1 _aMatos Mar, José,
_eautor.
245 1 0 _aPerú :
_bestado desbordado y sociedad nacional emergente /
_cJosé Matos Mar.
264 1 _aLima :
_bUniversidad Ricardo Palma, Editorial Universitaria, Centro de Investigación,
_c2012.
300 _a573 páginas :
_bilustraciones ;
_c24 cm.
336 _atext
_2rdacontent
337 _aunmediated
_2rdamedia
338 _avolume
_2rdacarrier
505 0 _aUn proceso original -- El desborde estructural -- Derrumbe del orden tradicional sin modernización. Paradoja histórica -- Una transición a ninguna parte -- El espectacular cambio de la estructura demográfica del país -- La marcha hacia las ciudades -- De migrantes a ciudadanos: 1940-1990. El proceso de urbanización y el desborde popular -- La gesta de las barriadas -- El surgimiento de las barriadas -- La intensificación de las migraciones y la consolidación de las barriadas -- El tránsito de barriada a distrito -- La barriada - distrito: un estudio de caso -- Las megabarriadas -- Una revolución urbana -- El estado y las barriadas -- El significado de la barriada para Lima y el país -- Lima, la plural: 1990-2010. El otro Perú toma la capital -- Un desborde popular permanente -- El desborde cambia Lima -- Lima norte -- Lima este -- Lima sur -- Capital del Perú oficial y del otro Perú -- La emergente sociedad nacional. Un proceso en marcha -- El perú moderno del siglo XXI -- El impacto de la globalización -- La descentralización del país -- El encuentro del desborde popular con la globalización la descentralización -- Reflexiones finales.
526 _aP202
526 _aP201
526 _aP163
526 _aP162
526 _aP161
526 _aP160
526 _aP148
526 _aP147
526 _aP146
526 _aP145
526 _aP144
526 _aP143
526 _aP142
526 _aP141
526 _aP140
526 _aP139
526 _aP138
526 _aP137
526 _aP136
526 _aP135
526 _aP134
526 _aP133
526 _aP129
526 _aP128
526 _aP127
526 _aP120
526 _aP119
526 _aP118
526 _aP116
526 _aP115
526 _aP114
526 _aP110
526 _aP109
526 _aP108
526 _aP104
526 _aP103
526 _aP102
526 _aP99
526 _aP98
526 _aP97
526 _aP96
526 _aP95
526 _aP93
526 _aP90
526 _aP89
526 _aP88
526 _aP83
526 _aP82
526 _aP62
526 _aP59
526 _aP58
526 _aP57
526 _aP51
526 _aP49
526 _aP48
526 _aP47
526 _aP29
526 _aP24
526 _aP20
526 _aP19
526 _aP17
526 _aP15
526 _aP14
526 _aP12
526 _aP10
526 _aP09
526 _aP08
526 _aP07
526 _aP06
526 _aP05
526 _aP04
526 _aP01
541 _g004-000769;
650 0 4 _aMigración rural-urbana
_zPerú
_y1940-2010.
650 0 4 _aSociología urbana
_zPerú
_y1940-2010.
650 0 4 _aCosto y nivel de vida
_zPerú
_y1940-2010.
650 0 4 _aIdentidad nacional
_zPerú
_y1940-2010.
651 _aPerú
_xCondiciones económicas
_y1940-2010
651 _aPerú
_xCondiciones sociales
_y1940-2010.
910 _afsr
_bjv
_cjck
_d20130225
942 _2ddc
_cBOOK
949 _a304.80985 M28
_wDEWEY
_c1
_i66298
_lCCODEBUL1
_mBUL
_p45.00
_r0
_sY
_tBOOK
_u2015-7-6
_xINGENIERIA
_PP06
_o.STAFF. Colección General
994 _aC0
_bPEPRU
596 _a1
999 _a304.80985 M28
_wDEWEY
_c54556
_i66298
_d54556
_e2018-10-22
_f2021-11-9
_g7
_lCCODEBUL1
_mBUL
_n7
_p45.00
_q1
_r0
_sY
_tBOOK
_u2015-7-6
_xINGENIERIA
_PP06
_0COMPRA
_o.STAFF. Colección General
980 _81
_gALBERTO SANCHEZ Responsable de Automatización